000 00284nam a2200097Ia 4500
082 _a346.680668|AUDI
245 0 _aAuditing : legislation and standards
100 _a LexisNexis Durban, South Africa, [c.2012]
_967605
942 _cBK
008 210817s9999 xx 000 0 und d
999 _c218090
_d218089